| 000 | 00618nam a2200265Ia 4500 | ||
|---|---|---|---|
| 008 | 190123s9999 xx 000 0 und d | ||
| 020 | _a9780531263600 | ||
| 050 | _bS518 2010 | ||
| 100 | _aSexton, Colleen | ||
| 245 | 4 | _aThe life of a cow / | |
| 245 | 0 | _cby Colleen Sexton. | |
| 260 | _aNew York, New York : | ||
| 260 | _bScholastic, | ||
| 260 | _c2010 | ||
| 300 | _a24 pages : | ||
| 300 | _bcolored illustrations ; | ||
| 300 | _c23cm. | ||
| 440 | _aBlastoff! Readers. | ||
| 440 | _v3 | ||
| 500 | _a580L | ||
| 650 | _aCows -- | ||
| 650 | _xLife cycles. | ||
| 700 | _aSeries. | ||
| 700 | _aTitle. | ||
| 999 |
_c360990 _d360990 |
||